Zpráva o 9. schůzi Sněmovny národů 6. volební období. 11. července 1991

Saved in:
Bibliographic Details
Format: Book
Language:Czech
Published: Praha Fed. shromáždění ČSFR 1991
Edition:1. vyd.
Tags: Add Tag
No Tags, Be the first to tag this record!

MARC

LEADER 00000nam a2200000 4500
001 c024597
005 20221214095503.0
041 0 |a cze 
044 |a CZ 
245 1 0 |a Zpráva o 9. schůzi Sněmovny národů  |b 6. volební období. 11. července 1991 
250 |a 1. vyd. 
264 1 |a Praha  |b Fed. shromáždění ČSFR  |c 1991 
300 |a 38 s.